[Event "American Continental-ch 2018"]
[Site "Montevideo"]
[Date "2018.06.09"]
[Round "10"]
[White "Vera Siguenas, Deivy"]
[Black "Jodorcovsky Werjivker, Paulo"]
[Result "1-0"]
[WhiteElo "2516"]
[BlackElo "2249"]
[Annotator "TA"]
[PlyCount "105"]
[EventDate "2018.??.??"]
[EventType "swiss"]
[EventCountry "URU"]
[SourceTitle "playchess.com"]
[Source "ChessBase"]
[SourceQuality "1"]

{[%evp 46,105,79,64,134,129,128,134,120,131,133,126,125,126,125,115,142,123,135,139,134,147,161,111,149,146,163,133,196,201,170,155,183,116,168,108,104,91,90,95,220,226,266,259,712,761,1000,943,1608,1472,2276,1201,1683,1652,5625,3449,3173,3059,2556,2411,29987,29988]} 1. e4 c5 2. Nf3 e6 3. d4 cxd4 4. Nxd4 a6 5. Be2 Qc7 6. O-O Nf6 7. Nc3 d6 8. Be3 Be7 9. a4 Nc6 10. f4 O-O 11. Kh1 Re8 12. Bf3 Rb8 13. g4 Nxd4 14. Bxd4 e5 15. fxe5 dxe5 16. Ba7 Ra8 17. g5 Rd8 18. Qe2 Ne8 19. Be3 Be6 20. Qf2 Qc4 {B85: Sizilianisch (Scheveninger System)} 21. Nd5 Bxd5 22. b3 Qc3 23. exd5 Nd6 24. Rac1 {LiveBook: 5 Partien} (24. Ra2 b5 25. Bg2 f5 26. gxf6 Bxf6 27. Bd2 Qc7 28. axb5 axb5 29. Rxa8 Rxa8 {½-½ (57) Harika,D (2539)-Akopian,V (2675) Sharjah 2017}) 24... b5 (24... g6 $14) 25. Bd2 $16 {[#]} Qd4 $146 {[#]} ({Vorgänger:} 25... Qb2 26. c4 e4 27. Bg2 Qxb3 28. c5 Qxd5 29. cxd6 Bxd6 {1-0 (35) Kozlov,V (2327)-Lastin,A (2558) Moscow 1999}) 26. c4 $1 {[%mdl 512] Droht Dxd4 und aus.} Qxf2 (26... bxc4 27. Qxd4) 27. Rxf2 {Droht stark c5.} bxc4 28. bxc4 {c5 ist eine echte Drohung.} e4 29. Bg2 {zielt auf c5 ab.} Nb7 30. Bxe4 {Und d6 würde nun gewinnen.} Nc5 31. Bc2 Bd6 32. Rcf1 Rd7 33. Re2 Rdd8 34. Rfe1 Rab8 35. Kg2 Rf8 36. h4 Rb2 (36... Rfc8 $16 {ist eine bessere Verteidigung.} 37. a5 g6) 37. Bc3 $18 Rbb8 38. Kf3 Rbc8 39. Bf5 $36 {[%mdl 2048] Schwarz muss aufpassen.} ({Lieber} 39. Re3 $18) 39... Rb8 (39... Rc7 $16) 40. Rb2 (40. a5 $18) 40... Nxa4 $16 41. Rxb8 Rxb8 42. Bd4 Nc5 {[#]} (42... g6 $16 {war einen Versuch wert.}) 43. Be5 $1 $18 {[%cal Re5d6]} Bxe5 44. Rxe5 {[%mdl 4096] Endspiel KTL-KTS} g6 $2 (44... Nb7 45. Ke3 Kf8) 45. d6 {[%cal Bd5d6,Bd6d7][%mdl 32]} Rb3+ 46. Kf4 Nb7 47. d7 ({Und nicht} 47. Bc2 Rc3 $11) 47... Rc3 48. Re8+ Kg7 49. Rb8 gxf5 50. Rxb7 Rxc4+ 51. Ke5 Re4+ 52. Kd5 Re1 53. Rb4 {Precision: Weiß = 81%, Schwarz = 20%.} 1-0

[Event "American Continental-ch 2018"]
[Site "Montevideo"]
[Date "2018.06.09"]
[Round "10"]
[White "Hungaski, Robert"]
[Black "Flores, Diego"]
[Result "1/2-1/2"]
[WhiteElo "2510"]
[BlackElo "2614"]
[Annotator "TA"]
[PlyCount "120"]
[EventDate "2018.??.??"]
[EventType "swiss"]
[EventCountry "URU"]
[SourceTitle "playchess.com"]
[Source "ChessBase"]
[SourceQuality "1"]

{[%evp 20,120,23,27,25,17,29,32,32,31,31,31,26,27,38,37,37,37,35,35,47,0,0,0,0,0,0,0,0,0,0,-7,-7,-7,-14,-7,0,-4,0,0,0,0,0,0,0,0,0,0,0,0,0,0,0,0,0,0,0,0,0,0,0,0,0,0,0,-2,0,0,0,0,0,0,0,0,0,0,0,0,0,0,0,0,0,0,0,0,0,0,0,0,0,0,0,0,0,0,0,0,0,0,0,0,0]} 1. Nf3 Nf6 2. c4 c5 3. g3 b6 4. Bg2 Bb7 5. Nc3 g6 6. O-O Bg7 7. d4 cxd4 8. Qxd4 d6 9. b3 O-O 10. Bb2 Nbd7 11. Ne1 {LiveBook: 4 Games. A30: Symmetrical English: Double Fianchetto and Hedgehog} (11. Qd2 a6 12. Rfd1 Rc8 13. Rac1 Re8 14. Ne1 Qc7 15. Nd5 Qb8 16. Bh3 Ne4 17. Qc2 Bxb2 18. Qxb2 e6 {½-½ (41) Svidler,P (2760)-Gelfand,B (2695) Moscow 2018}) 11... Qb8 $146 ({Predecessor:} 11... Bxg2 12. Nxg2 Qc8 13. Nd5 Re8 14. Rac1 Qb7 15. Nge3 Rac8 16. Rfd1 a6 17. Qd2 Rc5 18. Bd4 Rc6 {1-0 (34) Meier,G (2648)-Baldauf,M (2431) Germany 2017}) 12. Rc1 Ne4 13. Qe3 {White has an edge.} Nxc3 14. Bxc3 Bxc3 15. Rxc3 Re8 16. Nd3 Bxg2 17. Kxg2 Qb7+ 18. f3 Rac8 19. Rfc1 Nf6 20. Qd4 e5 {The position is equal.} 21. Qxd6 Rc6 {[%cal Bc8c6,Bc6e6,Be6e2][%mdl 32]} 22. Qa3 e4 23. Nf2 Rce6 24. Rf1 h5 25. Qc1 exf3+ 26. exf3 Re2 {[#] aiming for ...Ng4.} 27. Kg1 $1 Rxa2 {Black wants to play ...Ree2.} 28. Re3 Re2 29. Ne4 Rxe3 30. Nxf6+ Kg7 31. Nxe8+ Rxe8 $11 {[%mdl 4096] Endgame KQR-KQR} 32. Qc3+ Kh7 33. Kg2 Re2+ 34. Rf2 Qe7 35. Rxe2 Qxe2+ {KQ-KQ} 36. Kg1 a5 37. Qf6 Qe3+ 38. Kg2 Kg8 39. Qb2 Kf8 40. Qa3+ Ke8 41. Qa4+ Kd8 42. Qb5 Qd2+ 43. Kf1 Qd3+ 44. Kf2 Qd2+ 45. Kf1 Kc7 46. Qe8 Qd7 47. Qe5+ Qd6 48. Qe8 Qd3+ 49. Kf2 Qc2+ 50. Ke1 Qc1+ 51. Ke2 Qb2+ 52. Ke1 Qf6 53. Ke2 g5 54. h4 Qb2+ 55. Ke1 Qc1+ 56. Ke2 Qc2+ 57. Ke1 Qc1+ 58. Ke2 Qc2+ 59. Ke1 Qc1+ 60. Ke2 Qc2+ {Precision: White = 91%, Black = 90%.} 1/2-1/2

[Event "American Continental-ch 2018"]
[Site "Montevideo"]
[Date "2018.06.09"]
[Round "10"]
[White "Rodriguez Vila, Andres"]
[Black "Grabinsky, Aaron"]
[Result "1-0"]
[WhiteElo "2483"]
[BlackElo "2296"]
[Annotator "TA"]
[PlyCount "95"]
[EventDate "2018.??.??"]
[EventType "swiss"]
[EventCountry "URU"]
[SourceTitle "playchess.com"]
[Source "ChessBase"]
[SourceQuality "1"]

{[%evp 13,95,25,20,0,2,0,0,0,34,39,43,43,35,-10,85,78,82,79,77,66,66,67,70,40,51,18,61,18,60,64,64,59,72,30,23,16,52,47,75,74,68,68,69,64,72,70,71,68,68,68,135,124,158,108,183,179,205,206,197,200,286,258,320,267,266,260,313,309,584,556,607,351,631,604,893,485,868,856,847,826,5021,5021,4921,2505]} 1. e4 e6 2. d4 d5 3. Nd2 c5 4. Ngf3 cxd4 5. exd5 Qxd5 6. Bc4 Qd7 {C07: French Tarrasch: 3...c5, 4 Ngf3 and 4 exd5 Qxd5} (6... Qd8 7. Nb3 Qc7 8. Qxd4 Nc6 9. Qh4 Bd6 10. Bd2 Bd7 11. O-O-O Nge7 12. Kb1 O-O-O 13. Bc3 f6 14. Nfd2 Ne5 {½-½ (43) Adams,M (2701)-Predojevic,B (2630) Baden-Baden 2018}) 7. O-O Nf6 {LiveBook: 31 Games} 8. Ne5 Qc7 {The position is equal.} 9. Ndf3 Bc5 $146 ({Predecessor:} 9... Nc6 10. Nxc6 Qxc6 11. Qxd4 Bc5 12. Qh4 Qe4 13. Bb5+ Bd7 14. Bxd7+ Kxd7 {0-1 (75) Solomon,S (2404)-Hague,B (2308) Auckland 2013}) 10. Bf4 {And now Ng6! would win.} Bd6 (10... Nh5 $5 {[%cal Rh5f4]} 11. Ng6 Nxf4 12. Nxh8 Kf8 $14) 11. Qxd4 Nc6 12. Nxc6 Bxf4 13. Nxa7 {aiming for Nb5.} Bd7 (13... e5 $1 $11 14. Bb5+ Bd7 15. Nxe5 Bxe5) 14. Nb5 $16 Bxb5 15. Bxb5+ Ke7 16. Bd3 Rhd8 17. Qb4+ Bd6 {[%cal Bf4d6,Bd6e5,Be5d4][%mdl 32]} 18. Qh4 h6 19. g3 Kf8 20. Nd2 Be5 21. Qb4+ $1 Kg8 22. a4 Bd4 23. Ne4 Ng4 24. Rad1 Qc6 25. c3 Rxa4 {[#]} 26. Qb3 $1 Bxf2+ 27. Nxf2 (27. Rxf2 Rxd3 28. Rxd3 Rxe4 $17) 27... Ne3 {[%csl Ge3][%cal Rc6g2]} 28. Be4 $1 Rxd1 29. Qxd1 $40 {[%mdl 128] White threatens Qd8+ and mate. White mounts an attack.} Qe8 $1 30. Qb3 {Hoping for Re1.} Nxf1 31. Kxf1 Ra1+ (31... b5 $14) 32. Ke2 Ra5 33. Nd3 Rb5 (33... b5 $16) 34. Qc4 $18 Rh5 35. h4 ({And not} 35. Bxb7 Rxh2+ 36. Ke3 Qe7 $11) 35... Rd5 36. Qb4 Rb5 (36... Rd8 {was worth a try.}) 37. Qd6 f5 38. Bg2 Qc8 39. Kd2 Qc4 40. Qd7 b6 $2 (40... Kh7 {is a better defense.} 41. Bxb7 Rb6) 41. Bf3 Kh7 42. Qe8 {Threatening mate with Bh5.} f4 $2 (42... Rd5 43. Bxd5 Qxd5) 43. gxf4 {White is clearly winning.} Rf5 44. Qa8 g6 (44... Rxf4 $142 45. Nxf4 Qxf4+ 46. Kd3 g6 47. Qb7+ Kg8) 45. Qb7+ Kg8 46. Be4 Rf6 47. h5 Rf7 {[#]} 48. Qxf7+ $1 {[%mdl 512] Precision: White = 58%, Black = 35%.} 1-0

[Event "American Continental-ch 2018"]
[Site "Montevideo"]
[Date "2018.06.09"]
[Round "10"]
[White "Hoffman, Alejandro"]
[Black "Coro, Lucas"]
[Result "1-0"]
[WhiteElo "2475"]
[BlackElo "2269"]
[Annotator "TA"]
[PlyCount "105"]
[EventDate "2018.??.??"]
[EventType "swiss"]
[EventCountry "URU"]
[SourceTitle "playchess.com"]
[Source "ChessBase"]
[SourceQuality "1"]

{[%evp 11,105,-12,-10,-23,-23,-29,-37,-25,-31,-25,-17,-24,10,0,0,0,32,0,45,-34,-31,-28,48,53,47,42,50,35,45,68,61,50,68,70,139,123,129,116,124,124,124,124,127,124,127,122,125,125,125,124,121,121,126,93,93,93,96,93,93,95,96,93,168,159,168,118,264,263,260,245,222,205,541,583,1484,1316,902,73,107,87,819,718,2075,1663,1372,951,2360,6506,12842,12841,12843,12843,12844,12844,12845,12845]} 1. g3 e5 2. Bg2 d5 3. c4 d4 4. d3 Nc6 5. Nf3 Bb4+ 6. Bd2 a5 7. Bxb4 {A09: Réti Opening: 1 Nf3 d5 2 c4} (7. O-O Nf6 8. Na3 O-O 9. Nb5 h6 10. e3 dxe3 11. Bxe3 Ng4 12. Bd2 Bf5 13. Bxb4 Nxb4 14. Nh4 Bc8 {½-½ (47) Mareco,S (2632)-Alekseenko,K (2609) Moscow 2018}) 7... axb4 8. O-O Nf6 9. Nbd2 {Black is slightly better.} O-O 10. Nb3 Qe7 11. Ne1 Rd8 12. Nc2 Bf5 13. Qd2 e4 $146 ({Predecessor:} 13... Ra4 14. a3 bxa3 15. Rxa3 Rxa3 16. bxa3 {½-½ (52) Barria Zuniga,D (2435)-Ducarmon,Q (2456) Roquetas de Mar 2014}) 14. Rfd1 Bg6 15. Qg5 (15. f3 $14) 15... Ne5 $15 16. dxe4 Nxc4 (16... h6 $11 17. Qh4 Nxc4 18. Rxd4 Rxd4 19. Ncxd4 c5) 17. Rxd4 $14 Rxd4 18. Ncxd4 Bxe4 19. Bxe4 Qxe4 20. Rc1 $40 {[%mdl 128] Black needs to defend precisely.} h6 21. Qc5 $1 {[%cal Rc5c4]} Nxb2 22. Qxb4 {Threatens to win with Nc5.} Na4 (22... Rxa2 $14 23. Rxc7 Na4) 23. Rxc7 $16 b6 24. Rc2 Nc5 25. Nxc5 bxc5 26. Qxc5 Rxa2 27. Rxa2 Qb1+ 28. Kg2 Qxa2 29. Qc8+ Kh7 30. Qc2+ Qxc2 31. Nxc2 {[%mdl 4096] Endgame KN-KN} Kg6 32. f3 Nd7 33. Kf2 f5 34. Ke3 Kf6 35. Kd4 Ke6 36. Nb4 Nf6 (36... Kd6 $16 37. Nd3 Nf8) 37. Nd3 $18 Kd6 38. Nc5 Ne8 (38... Ke7 $16 {was worth a try.} 39. Ke5 g6) 39. e4 fxe4 40. fxe4 {[%cal Bf3e4,Be4e5][%mdl 32]} Nc7 {intending ...Nb5+.} 41. e5+ Kc6 $2 (41... Ke7 42. Nd3 Nb5+ 43. Ke4 Kf7) 42. Nd3 Ne6+ 43. Ke4 g6 {[#]} 44. Nf4 $2 (44. h4 $1 $18 {is the precise move to win. And now g4 would win.} Nf8 45. Nf4) 44... Nc5+ $16 45. Kd4 g5 $2 {[%mdl 8192]} (45... Nb3+ $16 46. Kc3 Nc5) 46. Ne2 $18 {White is clearly winning.} Nb3+ {[#]} 47. Ke4 $1 Nd2+ 48. Kf5 Nf3 49. h3 h5 50. Kf6 Kd7 51. e6+ Ke8 52. Nc3 h4 53. g4 {Precision: White = 70%, Black = 31%.} 1-0

[Event "American Continental-ch 2018"]
[Site "Montevideo"]
[Date "2018.06.09"]
[Round "10"]
[White "Salinas Herrera, Pablo"]
[Black "Donoso Diaz, Sebastian"]
[Result "1-0"]
[WhiteElo "2463"]
[BlackElo "2184"]
[Annotator "TA"]
[PlyCount "69"]
[EventDate "2018.??.??"]
[EventType "swiss"]
[EventCountry "URU"]
[SourceTitle "playchess.com"]
[Source "ChessBase"]
[SourceQuality "1"]

{[%evp 17,69,-14,-14,-33,-40,-25,-41,-40,-40,-107,-102,-104,-90,-134,-141,-127,-123,-130,-131,-138,-132,-131,-131,-118,-71,-75,-39,-26,-35,-37,0,0,32,26,104,89,168,158,290,79,85,68,86,65,70,47,1506,1243,5177,2499,29985,29986,29986,29987]} 1. d4 d5 2. Bf4 Nf6 3. e3 e6 4. Nd2 c5 5. c3 Bd6 6. Bg3 {D00: 1 d4 d5: Unusual lines} O-O 7. Ngf3 Qc7 8. dxc5 (8. Bd3 Nbd7 9. O-O b6 10. e4 Bxg3 11. hxg3 dxe4 12. Nxe4 Bb7 13. Qe2 Rfd8 14. Rad1 cxd4 15. Nxd4 a6 16. Rfe1 h6 {½-½ (37) So,W (2815)-Carlsen,M (2832) chess.com INT 2017}) 8... Qxc5 9. Bd3 Nbd7 {LiveBook: 4 Games} 10. Rc1 Bxg3 11. hxg3 e5 {Threatens to win with ...e4.} 12. e4 Qb6 $146 ({Predecessor:} 12... dxe4 13. Bxe4 {½-½ (13) Reichmann,H (2370)-Grandadam,P (2186) Wunsiedel 2012}) 13. b4 ({White should try} 13. O-O $15) 13... Ng4 $17 {[%csl Gg4][%cal Rb6f2]} 14. O-O {[#]} Ne3 $1 {[%cal Re3d1][%mdl 512]} 15. Qb3 (15. fxe3 Qxe3+) 15... Nxf1 16. Rxf1 dxe4 $1 17. Nxe4 Nf6 18. Nxe5 Nxe4 19. Bxe4 Be6 20. Qc2 f5 21. Bd3 Rac8 {...Qc7 is the strong threat.} 22. Re1 g6 23. a3 Rf6 24. c4 {[%cal Bc3c4,Bc4c5][%mdl 32]} Qc7 25. c5 Kg7 (25... Kh8 $11) 26. Qc3 $16 Re8 {[#]} (26... Rcf8 $16) 27. g4 $1 $18 {[%mdl 512]} h6 {[#]} (27... fxg4 $16 {keeps fighting.} 28. Nxg4 Qd8) 28. gxf5 $2 (28. Nxg6 $1 $18 {[%mdl 512] is the precise move to win.} fxg4 (28... Kxg6 29. gxf5+) 29. Bb5 Kxg6 30. Bxe8+ Bf7 31. Qd4) 28... Bxf5 $16 29. Bxf5 gxf5 30. f4 Kh7 31. Re3 {[%mdl 1024] White has compensation.} Rg8 $2 {[%mdl 8192] [#]} (31... Rff8 $14) 32. Ng4 $1 $18 {[%cal Rg4f6][%mdl 512]} Rff8 (32... fxg4 33. Qxf6) 33. Nf6+ Kg6 34. Rg3+ Kf7 35. Nxg8 {Precision: White = 64%, Black = 36%.} 1-0

[Event "American Continental-ch 2018"]
[Site "Montevideo"]
[Date "2018.06.09"]
[Round "10"]
[White "Tristan, Leonardo"]
[Black "Larrea, Manuel"]
[Result "1-0"]
[WhiteElo "2459"]
[BlackElo "2268"]
[Annotator "TA"]
[PlyCount "159"]
[EventDate "2018.??.??"]
[EventType "swiss"]
[EventCountry "URU"]
[SourceTitle "playchess.com"]
[Source "ChessBase"]
[SourceQuality "1"]

{[%evp 22,159,24,10,17,12,0,-6,33,-2,51,53,37,41,48,38,67,8,68,65,82,75,138,108,146,100,93,115,90,0,0,0,8,0,81,72,72,72,73,79,79,72,66,76,66,69,81,81,88,88,88,81,88,88,88,88,88,88,88,88,88,72,71,67,62,61,125,116,123,100,106,98,194,160,160,152,145,144,152,145,881,493,493,493,493,493,493,493,469,423,423,423,423,393,423,393,393,393,393,393,859,493,864,416,876,864,927,920,843,917,920,927,912,923,941,939,927,877,905,838,905,920,895,476,925,893,12841,12841,12841,12842,12842,12843,12843,12843,12850,12850,12850,29978,12851,29980]} 1. d4 Nf6 2. Nf3 g6 3. Bf4 Bg7 4. e3 d6 5. Be2 O-O 6. O-O Nbd7 7. h3 c5 8. c3 b6 9. Nbd2 Bb7 10. a4 a6 11. Bh2 Qc7 12. Qb3 Bc6 {A48: 1 d4 Nf6 2 Nf3 g6: Torre, London and Colle Systems} 13. c4 cxd4 (13... Ne4 14. d5 Nxd2 15. Nxd2 Bb7 16. e4 e6 17. Qc2 Rae8 18. Rfe1 Bc8 19. Nf3 e5 20. a5 {1-0 (71) Nguyen,N (2629)-Flores,D (2579) Doha 2016}) 14. exd4 e5 {The position is equal.} 15. Qa3 $146 (15. a5 $5) ({Predecessor:} 15. d5 Bb7 16. a5 b5 17. Rfc1 bxc4 18. Bxc4 Qb8 19. Rd1 Ra7 20. Rac1 {½-½ (62) Khotenashvili,B (2486)-Mkrtchian,L (2378) Bad Kissingen 2018}) 15... Ne4 (15... Rfe8 $11) 16. d5 $14 Nxd2 17. Nxd2 Bb7 18. a5 $1 f5 19. b4 (19. axb6 $14 Qxb6 20. b4) 19... Rae8 (19... bxa5 $1 $11 20. Qxa5 Rfc8) 20. Rfc1 Bh6 21. Rd1 e4 (21... Rf7 $142) 22. axb6 $16 Qxb6 23. c5 dxc5 24. Nc4 Qxb4 25. Qg3 ({White should try} 25. Qa2 $1 $16 {Strongly threatening Rab1.} Qc3 26. Rab1) 25... f4 $11 26. Qh4 $1 f3 27. gxf3 $1 {Hoping for Rab1.} exf3 {[#]} (27... Bg7 $1 $11 28. Rab1 exf3 29. Bxf3 (29. Rxb4 fxe2 30. Rbb1 exd1=N $15) (29. Bf1 Qa4 $15) 29... Qc3) 28. Bf1 $1 $36 {[%mdl 2048] White has strong initiative.} Bg7 {[#]} 29. Rdb1 $1 {[%cal Rb1b4]} ({Don't play} 29. Rab1 Qa4 $15) 29... Bxa1 30. Rxb4 cxb4 31. Nd6 Bxd5 {Threatens to win with ...a5.} 32. Nxe8 Rxe8 33. Qxb4 Be5 34. Bxa6 Bxh2+ 35. Kxh2 {Qd6 is the strong threat.} Nf6 36. Bb5 {[%mdl 1024] White has strong compensation.} Rf8 37. Qe7 Rf7 38. Qe5 Rf8 39. Bd3 Rf7 40. Qg5 Kg7 41. h4 {And now h5! would win.} Be6 42. Kg1 Rd7 43. Qe3 Bg4 (43... Bd5 $14) 44. Bb5 Rf7 45. Bc6 h5 46. Qe5 Rf8 (46... Kh7 $16) 47. Bd5 {Qe7+ would kill now.} Re8 48. Qc7+ Kh6 49. Bf7 Re1+ 50. Kh2 {aiming for Qc3.} Be6 $2 {[%mdl 8192]} (50... Re4 $16) 51. Qc3 Re5 52. Kg1 Kg7 53. Qxe5 Kxf7 54. Qc7+ Nd7 55. Qf4+ Bf5 56. Qxf3 Ke7 57. Qe3+ Kf7 58. Qa7 Ke7 59. Kg2 Ke6 60. Kg3 Ke7 $2 (60... Ne5 61. Kf4 Nd3+ 62. Ke3 Kd6 63. Qb6+ Kd5 64. Qb3+ Kc5 65. Qc3+ Kd5) 61. Kf4 Ke6 (61... Kd6 $142 62. Qd4+ Kc6 63. Qc4+ Kd6 64. Qd4+ Kc6 65. Qc4+ Kd6 66. Qd4+) 62. Ke3 (62. Qd4 $142 Ke7 63. Qd5) 62... Ke7 (62... Ne5 $142 63. Qb6+ Kd5 64. Qd4+ Ke6 65. Qb6+ Kd5 66. Qd4+ Ke6 67. Qb6+) 63. Kd4 Kd6 64. Qa6+ Ke7 65. f3 Be6 66. Qc6 Bf5 67. Qc7 Ke6 68. Qd8 Kd6 69. Qa5 Ke6 70. Qb4 Kf7 71. Kd5 Nf6+ 72. Kd6 Ne8+ (72... Ng8 $142 73. Qb7+ Kf8) 73. Ke5 $18 Nf6 74. Qb7+ Nd7+ 75. Kd6 Bh3 76. Qb3+ Kf8 77. Qc2 Bf5 78. Qxf5+ gxf5 79. Kxd7 Kf7 80. f4 {Precision: White = 70%, Black = 34%.} 1-0

[Event "American Continental-ch 2018"]
[Site "Montevideo"]
[Date "2018.06.09"]
[Round "10"]
[White "Panjwani, Raja"]
[Black "Cordova, Emilio"]
[Result "0-1"]
[WhiteElo "2456"]
[BlackElo "2621"]
[Annotator "TA RC"]
[PlyCount "102"]
[EventDate "2018.??.??"]
[EventType "swiss"]
[EventCountry "URU"]
[SourceTitle "playchess.com"]
[Source "ChessBase"]
[SourceQuality "1"]

{[%evp 27,102,0,0,0,22,17,21,14,42,35,51,16,60,59,111,95,83,87,78,68,108,116,113,0,21,0,12,8,39,36,27,0,0,0,0,0,0,0,0,0,3,16,9,0,0,-105,-110,-112,-89,-93,-77,-263,-123,-127,-118,-182,-154,-288,-277,-256,-187,-214,-233,-302,-291,-530,-416,-1688,-1636,-1576,-1499,-2197,-1855,-29971,-29969,-5385,-5273]} 1. d4 Nf6 2. c4 e6 3. Nc3 Bb4 4. Nf3 b6 5. e3 Bb7 6. Bd3 c5 7. O-O O-O 8. Na4 cxd4 9. exd4 Re8 10. a3 Bf8 11. b4 {E43: Nimzo-Indian: Rubinstein: 4...b6} (11. Bf4 Bxf3 12. Qxf3 Nc6 13. Be5 Rc8 14. Rfd1 d6 15. Bxf6 Qxf6 16. Qxf6 gxf6 17. Bf1 f5 18. Rab1 Bg7 {½-½ (30) Sadler,M (2685)-Howell,D (2676) London 2017}) 11... d6 12. Bb2 Nbd7 13. Re1 Rc8 14. Nc3 a6 {LiveBook: 4 Games} 15. d5 e5 16. Nd2 g6 17. Nb3 $146 ({Predecessor:} 17. Rc1 Bg7 18. g3 e4 {1-0 (44) Duchardt,A (2215)-Giobbi,C (2181) ICCF email 2015}) 17... Bg7 18. Bf1 e4 19. Nd2 h5 20. h3 Re7 (20... Nxd5 $14 21. cxd5 e3 22. Rxe3 Rxe3 23. fxe3 Bxc3 24. Bxc3 Rxc3) 21. Qb3 (21. Rb1 {keeps more tension.} e3 22. fxe3 Bh6 23. e4 Ne5 24. Na4) 21... e3 22. Rxe3 Rxe3 23. fxe3 Qe7 24. Re1 Ne5 25. Nd1 (25. Na4 $16) 25... Bh6 (25... b5 $5) 26. Nf3 Nxf3+ $1 27. gxf3 Nd7 28. Qc3 {[%csl Gb2][%cal Rc3h8] [#]} Kh7 {...Ne5 is the strong threat.} 29. f4 Bxd5 30. Qd4 $1 {[%cal Rd4d5]} Bf3 {Hoping for ...Qh4.} 31. Bg2 Bxg2 $1 32. Kxg2 Rg8 33. Qd5 b5 34. cxb5 Nb6 $132 {[%mdl 2048] Black is fighting back} 35. Qd3 axb5 $1 36. Nf2 (36. Qxb5 $11 Qe4+ 37. Kf2 (37. Kg1 g5 $17)) 36... Nc4 $17 37. Bc3 Re8 {[%cal Rc4e3]} 38. Qd5 Nxa3 39. Kf3 $2 (39. Re2 $17 {keeps fighting.}) 39... Bg7 (39... Nc2 $19 40. Re2 Nxe3) 40. Bxg7 Kxg7 41. e4 (41. Ne4 $17) 41... Qf6 {aiming for ...Nc2.} 42. Qc6 (42. Rd1 $17) 42... Re6 $19 43. Rd1 Qb2 44. Qc1 Qxb4 45. Qa1+ Kh7 46. f5 $2 (46. Qd4 Nc4 47. Kg2) 46... gxf5 47. exf5 {[#]} (47. Qd4 $142 Nc4 48. exf5) 47... Re3+ $1 {[%mdl 512]} 48. Kg2 (48. Kxe3 Nc2+) 48... Qh4 49. Qa2 Nc4 50. Qa7 Qg5+ 51. Kf1 Re7 {Precision: White = 38%, Black = 59%.} 0-1

[Event "American Continental-ch 2018"]
[Site "Montevideo"]
[Date "2018.06.09"]
[Round "10"]
[White "Sosa, Tomas"]
[Black "Delgado Ramirez, Neuris"]
[Result "1-0"]
[WhiteElo "2453"]
[BlackElo "2613"]
[Annotator "TA"]
[PlyCount "81"]
[EventDate "2018.??.??"]
[EventType "swiss"]
[EventCountry "URU"]
[SourceTitle "playchess.com"]
[Source "ChessBase"]
[SourceQuality "1"]

{[%evp 14,81,25,20,25,26,37,14,24,19,35,39,43,55,50,43,65,69,68,64,54,58,91,83,147,143,146,152,152,146,222,214,200,170,190,153,189,185,166,131,131,131,131,133,132,125,127,123,129,137,130,45,63,63,328,317,317,309,303,297,340,319,565,536,870,862,1280,1245,2220,2110]} 1. e4 c5 2. Nf3 d6 3. d4 cxd4 4. Nxd4 Nf6 5. Nc3 a6 6. Bg5 e6 7. Qf3 h6 8. Be3 Bd7 {B95: Sicilian Najdorf: 6 Bg5 e6, unusual White 7th moves} (8... Qc7 9. O-O-O Nbd7 10. Qg3 b5 11. a3 Bb7 12. f3 Rc8 13. Kb1 h5 14. Bd3 Be7 15. Rhe1 Ne5 16. Bg5 {1-0 (50) Iotov,V (2567)-Dunlop,G (2578) GER email 2016}) 9. Bd3 Nc6 10. O-O Nxd4 $146 {The position is equal.} ({Predecessor:} 10... Ne5 11. Qg3 Nh5 12. Qh3 Nxd3 13. cxd3 g6 14. Nde2 Bg7 15. f4 Rc8 16. Rae1 {0-1 (32) Pecka,J (2285)-Lounek,J (2320) Czech email 2003}) 11. Bxd4 e5 12. Be3 Bg4 13. Qg3 $36 {[%mdl 2048] Black is under pressure.} Be6 14. Rae1 Be7 15. Nd5 Nh5 16. Qf3 Bxd5 $1 17. exd5 g6 18. Qe2 Ng7 (18... Nf4 $142 19. Bxf4 exf4) 19. f4 $1 $16 f5 20. fxe5 dxe5 21. c4 Qc7 (21... O-O $16) 22. Qf2 $18 Qd6 23. Kh1 Rc8 24. Qg3 Nh5 25. Qh3 $1 {Threatens to win with c5.} Nf6 26. Bd4 exd4 27. Re6 Qd7 28. Rfe1 $1 {[%csl LRe7,LRf6]} O-O {aiming for ...Bb4.} 29. Bxf5 (29. Qxh6 $6 Bc5 $11) 29... Bb4 {[#]} (29... Rxc4 $2 30. Qxh6 gxf5 31. Rxe7 $18) 30. Rxf6 $1 {[%mdl 512]} Rxf6 31. Bxd7 Bxe1 {[%cal Rf6f1] [#]} 32. Qd3 (32. g3 $1 $16 Rd8 33. Be6+ Kg7 34. Qh4) 32... Rcf8 $1 $14 {( -> ...Rf1+)} 33. g3 Bf2 $2 {[%mdl 8192]} (33... Kh7 $14 34. Bh3 (34. Qxd4 Rf1+ 35. Kg2 R8f2+ 36. Kh3 Rh1 $17) 34... Bb4) 34. c5 $18 Be3 35. c6 bxc6 36. dxc6 {[%cal Bd5c6,Bc6c7][%mdl 32]} Kg7 {[#] Hoping for ...Rf1+.} 37. Qe4 $1 ({Stronger than} 37. c7 Rf1+ 38. Qxf1 (38. Kg2 $2 R8f2+ 39. Kh3 Rh1 $19) 38... Rxf1+ $11) 37... Rf1+ $2 (37... h5 {was necessary.} 38. Be8 Kh6) 38. Kg2 {White is clearly winning.} R1f7 39. Be8 Rf2+ 40. Kh3 R2f6 41. c7 {Precision: White = 82%, Black = 42%.} 1-0